Loading...
| Fine Arts - Auditory Fine Arts | 6 | 10.00 | 83% | 17% | 0% |
| Fine Arts - Other Fine Arts | 4 | 12.50 | 75% | 25% | 25% |
| Fine Arts - Visual Fine Arts | 6 | 10.00 | 100% | 0% | 0% |
| History - American History | 2 | 15.00 | 100% | 50% | 0% |
| History - European History | 3 | 20.00 | 100% | 100% | 0% |
| History - Other History | 5 | 12.00 | 80% | 40% | 0% |
| History - World History | 6 | 10.00 | 83% | 17% | 0% |
| Literature - American Literature | 2 | 15.00 | 100% | 50% | 0% |
| Literature - British Literature | 3 | 6.67 | 33% | 33% | 0% |
| Literature - European Literature | 5 | 16.00 | 100% | 40% | 20% |
| Literature - World Literature | 2 | 15.00 | 100% | 50% | 0% |
| Mythology | 5 | 10.00 | 100% | 0% | 0% |
| Philosophy | 7 | 12.86 | 100% | 29% | 0% |
| Pop Culture | 4 | 5.00 | 25% | 25% | 0% |
| Popular Culture | 1 | 10.00 | 100% | 0% | 0% |
| Religion | 5 | 6.00 | 40% | 20% | 0% |
| Science - Biology | 6 | 15.00 | 100% | 50% | 0% |
| Science - Chemistry | 4 | 7.50 | 75% | 0% | 0% |
| Science - Other Science | 6 | 15.00 | 100% | 33% | 17% |
| Science - Physics | 1 | 10.00 | 100% | 0% | 0% |
| Social Science | 4 | 12.50 | 100% | 25% | 0% |